000 01196nam a2200253Ia 4500
999 _c40864
_d40864
001 7508
003 GE_BSU
005 20200109165549.0
008 181216s2013||||ge |||||||||||||| ||geo||
020 _a9789941220463
040 _cGE_BSU
041 _ageo
080 _a28+28-31 ა-88
100 _aასლანიძე, აბესალომ
_95886
245 _aისლამი და თანამედროვეობა :
_b(ფილოსოფია, რელიგია, პოლიტიკა) /
_cაბესალომ ასლანიძე ; რედ. მიხეილ მახარაძე
264 _aთბილისი:
_bუნივერსალი,
_c2013.
300 _a191გვ.;
_b20 სმ.
504 _aბიბლიოგრ.: გვ. 184-190.
653 _aისლამი
653 _aრელიგია
700 _aმახარაძე, მიხეილ
_eრედაქტორი
_96057
710 _aბათუმის შოთა რუსთაველის სახელმწ. უნ-ტი
_bფილოსოფიის დეპარტამენტი
_96058
942 _cBK
_2udc